| 000 | 00539 a2200181 4500 | ||
|---|---|---|---|
| 999 |
_c329682 _d329682 |
||
| 003 | Nust | ||
| 005 | 20170614113203.0 | ||
| 008 | 170518b xxu||||| |||| 00| 0 eng d | ||
| 040 | _cNust | ||
| 082 |
_a891.4393 _bHIJ |
||
| 100 |
_aHijazi,Nasim _91010 |
||
| 245 |
_aKaleesa aur Aagh _cNasim Hijazi |
||
| 260 |
_aLahore _bjahangir book depot _c1978 |
||
| 300 | _a428p. | ||
| 500 | _aNovel | ||
| 538 | _aAlmirah No.67, Shelf No.4 | ||
| 650 |
_aNovel Urdu _91011 |
||
| 880 |
_aکلیسا اور آگ _cنسیم حجازی _6245-02\(3\r |
||
| 880 |
_aنسیم حجازی _6100-01\(3\r |
||
| 880 |
_aلاہور: _bجہانگیر بکس، _6260-03\(3\r |
||
| 942 |
_2ddc _cBK |
||